| 000 | 00976nam a2200253 i 4500 | ||
|---|---|---|---|
| 001 | 81634 | ||
| 003 | ES-MaACL | ||
| 005 | 20250815115026.0 | ||
| 007 | t| | ||
| 008 | 041105s1947 sp ||||1| spa d | ||
| 245 | 0 | 0 |
_aPatología y terapéutica especiales de los animales domésticos / _cpor Franz v. Hutyra ... [et al.] ; traducida por Pedro Tarreras. |
| 250 | _a8ª ed. ref. y aum. | ||
| 260 |
_aBarcelona : _bLabor, _c1947 ( _fImp. Ibero-Americana) |
||
| 300 |
_a2 v. : _bil. ; _c25 cm. |
||
| 505 | 8 | _aContiene: I. Enfermedades infecciosas / por Rudolf Manninger - II. Enfermedades de los órganos / por Josef Marek. | |
| 650 | 7 |
_aPatología veterinaria _2embne _9136667 |
|
| 650 | 7 |
_aTerapéutica veterinaria _2embne _917482 |
|
| 700 | 1 |
_aHutyra, Ferenc ( _d1860-1934) _9172942 |
|
| 700 | 1 |
_aTarreras, Pedro. _9109340 |
|
| 700 | 1 |
_aManninger, Rudolf. _976071 |
|
| 700 | 1 |
_aMarek, Josef. _976583 |
|
| 852 |
_aES-MaACL _jE-2319-20 |
||
| 999 |
_c81634 _d81634 |
||